| 000 | 01500cam a22004094a 4500 | ||
|---|---|---|---|
| 001 | 16418773 | ||
| 003 | EG-ScBUE | ||
| 005 | 20220320120930.0 | ||
| 008 | 100816s2011 enk f b 000 d eng d | ||
| 020 | _a0199753636 | ||
| 020 | _a9780199753635 (v. 1 : pbk.) | ||
| 040 |
_aDLC _beng _erda _cDLC _dDLC _dEG-ScBUE |
||
| 041 | 1 |
_aeng _hgrc |
|
| 082 | 0 | 4 |
_a882.01 _222 _bAES |
| 100 | 0 |
_aAeschylus, _eauthor. _930375 |
|
| 240 | 1 | 0 |
_aOresteia. _lEnglish |
| 245 | 1 | 4 |
_aThe complete Aeschylus / _cedited by Peter Burian and Alan Shapiro. |
| 264 | 1 |
_aOxford ; _aNew York : _bOxford University Press, _c2011. |
|
| 300 |
_a1 volume ; _c21 cm. |
||
| 336 |
_2rdacontent _atext _btxt |
||
| 337 |
_2rdamedia _aunmediated _bn |
||
| 338 |
_2rdacarrier _avolume _bnc |
||
| 490 | 0 | _aGreek tragedy in new translations | |
| 504 | _aIncludes bibliographical references. | ||
| 505 | 0 | _aVolume 1. The Oresteia. | |
| 600 | 0 | 7 |
_aAeschylus _vTranslations into English. _2BUEsh _930377 |
| 650 | 7 |
_aAgamemnon (Greek mythology) _vDrama. _930378 _2BUEsh |
|
| 650 | 7 |
_aOrestes (Greek mythology) _vDrama. _930379 _2BUEsh |
|
| 650 | 7 |
_aElectra (Greek mythology) _vDrama. _930380 _2BUEsh |
|
| 651 | _2BUEsh | ||
| 653 |
_cJuly2012 _bHHUUEENN |
||
| 655 | 7 |
_aTragedies. _2gsafd _vReading book |
|
| 700 | 1 |
_aBurian, Peter, _d1943- _eeditor. _930382 |
|
| 700 | 1 |
_aShapiro, Alan, _d1952- _eeditor. _930383 |
|
| 942 |
_2ddc _cBB |
||
| 999 |
_c16824 _d16824 |
||